| 000 -LEADER |
| fixed length control field |
01158nam a22002417a 4500 |
| 005 - DATE AND TIME OF LATEST TRANSACTION |
| control field |
20200313090715.0 |
| 008 - FIXED-LENGTH DATA ELEMENTS--GENERAL INFORMATION |
| fixed length control field |
200313b ||||| |||| 00| 0 eng d |
| 020 ## - INTERNATIONAL STANDARD BOOK NUMBER |
| International Standard Book Number |
9781534465961 |
| 040 ## - CATALOGING SOURCE |
| Transcribing agency |
KH8 |
| 082 ## - DEWEY DECIMAL CLASSIFICATION NUMBER |
| Classification number |
FIC CLA |
| 100 ## - MAIN ENTRY--PERSONAL NAME |
| Personal name |
Clare, Cassandra |
| Relator term |
author |
| 245 ## - TITLE STATEMENT |
| Title |
Clockwork angel : |
| Remainder of title |
the infernal devices / |
| Statement of responsibility, etc. |
Cassandra Clare. |
| 260 ## - PUBLICATION, DISTRIBUTION, ETC. |
| Place of publication, distribution, etc. |
New York : |
| Name of publisher, distributor, etc. |
Margaret K. McElderry Books, |
| Date of publication, distribution, etc. |
[2019]. |
| 300 ## - PHYSICAL DESCRIPTION |
| Extent |
479, [46] pages : |
| Other physical details |
illustration, map ; |
| Dimensions |
22 cm. |
| 440 ## - SERIES STATEMENT/ADDED ENTRY--TITLE |
| Title |
The infernal devices ; |
| Number of part/section of a work |
Book 1. |
| 500 ## - GENERAL NOTE |
| General note |
Includes exceprts from: Chain of gold, and Clockwork prince. |
| 520 ## - SUMMARY, ETC. |
| Summary, etc. |
When sixteen-year-old orphan Tessa Gray's older brother suddenly vanishes, her search for him leads her into Victorian-era London's dangerous supernatural underworld, and when she discovers that she herself is a Downworlder, she must learn to trust the demon-killing Shadowhunters if she ever wants to learn to control her powers and find her brother. |
| 650 ## - SUBJECT ADDED ENTRY--TOPICAL TERM |
| Topical term or geographic name entry element |
Demonology |
| Form subdivision |
Fiction. |
| 650 ## - SUBJECT ADDED ENTRY--TOPICAL TERM |
| Topical term or geographic name entry element |
Orphans |
| Form subdivision |
Fiction. |
| 650 ## - SUBJECT ADDED ENTRY--TOPICAL TERM |
| Topical term or geographic name entry element |
Secret societies |
| Form subdivision |
Fiction. |
| 650 ## - SUBJECT ADDED ENTRY--TOPICAL TERM |
| Topical term or geographic name entry element |
London (England) |
| Form subdivision |
History |
| General subdivision |
19th century |
| Chronological subdivision |
Fiction. |
| 942 ## - ADDED ENTRY ELEMENTS (KOHA) |
| Source of classification or shelving scheme |
|
| Koha item type |
Books - Fiction |